Statistiche per Quiz su Giovanni Boccaccio

Clicka qui per fare il quiz!

Statistiche generali

  • Questo quiz è stato fatto 199 volte
  • Il punteggio medio è 9 su 20

Statistiche sulle risposte

DomandaRisposta% Corretto
Città nataleFirenze / Certaldo
94%
Opera più famosaDecameron
91%
Quante novelle contiene?100
84%
Cosa ispira quest'opera ("avvenimento")?Peste
71%
Anno di nascita1313
65%
Anno di morte1375
63%
Città in cui è mortoCertaldo
61%
Donna della quale era innamoratoFiammetta
61%
Nome del cuoco che convince il padrone che le gru hanno una sola coscia poichè aveva regalato l'altra alla ragazza amataChichibio
58%
Ne comprò una copia e la regalò a PetrarcaCommedia
50%
E' stato biografo, editore, pubblico lettore e commentatore di?Dante Alighieri
43%
E' considerato un precursore dell'_________Umanesimo
42%
Protagonista di una tragicomica novella ambientata a Napoli dove il malcapitato viene prima derubato per poi divenire ladro a sua voltaAndreuccio da Perugia
34%
Nomina un'opera principale del periodo napoletanoLa caccia di Diana / Filostrato / Filocolo / Teseida
31%
Assieme a Dante e Petrarca è una delle ___ ______Tre Corone
26%
Negli anni '60 del '300 prende gli ______ ______ordini minori
19%
Opera "contro le donne" scritta negli anni della maturitàCorbaccio
14%
Soprannomeil Certaldese
14%
Da chi viene ucciso Troiolo mentre cerca di vendicarsi su Diomede?Achille
12%
Lavoro che svolgeva a FirenzeAgente diplomatico
7%

Distribuzione punteggi

Percentile per numero di risposta

Percentuale di utenti per punteggio

I tuoi punteggi nel tempo

Non hai fatto questo quiz